Handling of piglets before weaning in kompong selia district, koh kong, ការថែទាំកូនជ្រូកមុនពេលផ្តាច់ដោះនៅស្រុកកំពង់សិលាខេត្តកោះកុង (Record no. 1846)

000 -LEADER
fixed length control field 00612nam a22001577a 4500
003 - CONTROL NUMBER IDENTIFIER
control field OSt
005 - DATE AND TIME OF LATEST TRANSACTION
control field 20151003170524.0
008 - FIXED-LENGTH DATA ELEMENTS--GENERAL INFORMATION
fixed length control field 151003b xxu||||| |||| 00| 0 eng d
040 ## - CATALOGING SOURCE
Transcribing agency RUA
082 ## - DEWEY DECIMAL CLASSIFICATION NUMBER
Classification number AVM THO 2002 B072 Or.1
100 ## - MAIN ENTRY--PERSONAL NAME
9 (RLIN) 1952
Personal name THONN, SOLIDA.
245 ## - TITLE STATEMENT
Title Handling of piglets before weaning in kompong selia district, koh kong, ការថែទាំកូនជ្រូកមុនពេលផ្តាច់ដោះនៅស្រុកកំពង់សិលាខេត្តកោះកុង
260 ## - PUBLICATION, DISTRIBUTION, ETC. (IMPRINT)
Place of publication, distribution, etc. Phnom Penh
Name of publisher, distributor, etc. RUA
Date of publication, distribution, etc. 2002
300 ## - PHYSICAL DESCRIPTION
Extent vii; 50p.
Other physical details ill.
Dimensions 29cm.
942 ## - ADDED ENTRY ELEMENTS (KOHA)
Source of classification or shelving scheme
Koha item type AVM
Holdings
Price effective from Date last seen Permanent Location Not for loan Date acquired Source of classification or shelving scheme Koha item type Barcode Lost status Damaged status Shelving location Withdrawn status Current Location Full call number
2015-10-032015-10-03Library Block B 2015-10-03 AVMRUA015063  B072 Library Block BAVM THO 2002 B072 Or.1
មជ្ឈមណ្ឌលឯការនៃសាកលវិទ្យាល័យភូមិន្ទកសិកម្មចំការដូង

Powered by Koha